Score 0/20 Timer 04:00
1 Play Today
% Correct
Harry Potter
98.5%
John Lennon
96.5%
Waldo
93.5%
Mohandas Gandhi
90.5%
Steve Jobs
88.3%
Ozzy Osbourne
86.8%
Doc
77.7%
Ned Flanders
71.9%
Meg Griffin
71.6%
Arthur Read
71%
% Correct
Harry Truman
61.4%
Janis Joplin
60.4%
Billie Jean King
59.3%
Groucho Marx
59.1%
John Denver
56.5%
Sadness
53.2%
Daria Morgendorffer
46.9%
Edna Mode
31.1%
Professor Hubert J. Farnsworth
22.2%
Hideki Tojo
11.9%

You're not logged in!

Compare scores with friends on all Sporcle quizzes.
OR
Log In

Sporcle TV

Today on Sporcle TV


Watch our educational content, quiz creation guides, and fun videos on Sporcle TV.

Show Comments

Extras

Top Quizzes Today


Score Distribution

Paid Content

Your Account Isn't Verified!

In order to create a playlist on Sporcle, you need to verify the email address you used during registration. Go to your Sporcle Settings to finish the process.

Report this User

Report this user for behavior that violates our Community Guidelines.

Details: